000 02635nam a22002657a 4500
999 _c58868
_d58868
003 Ge_BSU
005 20221011164853.0
008 221011s2010 ge ||||| |||| 00| 0 geo d
041 _ageo
080 _a908(73) ს-12
245 _aპროფესორ ვახტანგ ამაღლობელის ხსოვნისადმი მიძღვნილი V საერთაშორისო კონფერენცია ამერიკისმცოდნეობაში = IV international conference on american studies : ოქტომბერი 2010 ქუთაისი :
_bლიტერატურა, კულტურა, ხელოვნება, ქართულ-ამერიკული ურთიართობები, პოლიტიკა, ისტორია, ეკონომიკა, განათლება და საზოგადოება : [კონფერენციის მასალები] /
_cსარედ. კოლ.: ვახტანგ ამაღლობელი [და სხვ.].
264 _aქუთაისი :
_bაკ. წერეთლის სახელმწ. უნ-ტის გამ-ბა,
_c2010.
300 _a427 გვ. ;
_b20 სმ.
500 _aზესათ.: აკ. წერეთლის სახელმწ. უნ-ტი, აწსუ ამერიკის შესწავლის ცენტრი, ჯონ დოს პასოსის საქ. ასოციაცია. რამდენიმე შრომა ინგლ.
653 _aამერიკისმცოდნეობა - კონფერენციები
653 _aქართულ-ამერიკული ურთიერთობები
653 _aამერიკული ლიტერატურა
700 _4აბესაძე, ირინა
_eავტორი
_915262
700 _aგუნია, დეა,
_eავტორი
_915263
700 _aბაგრატიონი, ირმა და სხვ.
_eავტორი
_915264
700 _aოდილავაძე, ნათია
_eრედაქტორი
_915265
700 _aგეგეჭკორი, დავით
_eრედაქტორი
_915266
710 _aაკ. წერეთლის სახელმწ. უნ-ტი
_b აწსუ ამერიკის შესწავლის ცენტრი. ჯონ დოს პასოსის საქ. ასოციაცია.
_915267
942 _2udc
_cBK